| 000 | 00560nam a2200229Ia 4500 | ||
|---|---|---|---|
| 003 | OSt | ||
| 005 | 20221005043513.0 | ||
| 006 | a|||||r|||| 00| 0 | ||
| 007 | ta | ||
| 008 | 221004b |||||||| |||| 00| 0 eng d | ||
| 024 | _a68589 | ||
| 037 | _cTextual | ||
| 040 |
_aCRL _cCRL _beng |
||
| 041 |
_2eng _aeng |
||
| 082 | _aX:95'N90, N0 | ||
| 245 | 0 | _aEmployment challenges for the 90s | |
| 260 |
_aGeneva _bILo _c1990 |
||
| 300 |
_a147p _ccm. |
||
| 650 | _aECONOMICS | ||
| 942 |
_hX:95'N90, N0 _cTEXL _2cc |
||
| 999 |
_c951960 _d951960 |
||